| 000 | 04210cam a22012134i 4500 | ||
|---|---|---|---|
| 003 | PE-LiUPU | ||
| 005 | 20250813185445.0 | ||
| 008 | 150623s r 000 0 d | ||
| 020 | _a9582003782 | ||
| 035 | _a(Sirsi) i9789582003784 | ||
| 040 |
_aPE-LiUPU _bspa _cPE-LiUPU _erda |
||
| 049 | _aPRUA | ||
| 082 | 0 | 4 |
_a373.35 _bJ24 _221 |
| 100 | 1 |
_aJaramillo Franco, Javier, _eautor. |
|
| 245 | 1 | 0 |
_aPedagogía de la escritura creadora : _bminicuento, diario, imagen poética, Haikú / _cJavier Jaramillo Franco. |
| 264 | 1 |
_aSantafé de Bogotá, DC : _bCooperativa Editorial Magisterio, _c1998. |
|
| 300 |
_a269 páginas : _bilustraciones, gráficos ; _c24 centímetros |
||
| 336 |
_atext _2rdacontent |
||
| 337 |
_aunmediated _2rdamedia |
||
| 338 |
_avolume _2rdacarrier |
||
| 490 | 0 | _aColección Aula Abierta | |
| 504 | _aIncluye bibliografía. | ||
| 505 | 0 | _aEl taller: ¿cómo leer?. Las dos clases de lectura. Algunos juegos. Me gustaría tener muchas llaves. La escritura dadaísta y escritura automática.- El minicuento: Los minicuentos. La lectura de minicuentos. Otras formas de buscar enunciados.- El diario: ¿Por dónde empezar?. De las lecturas. De los usos de la lengua escrita. De las propuestas de los usos de la lengua escrita. Sobre el profesor.- Relato de una experiencia. Palabras de infancia. Palabras de infancia y otros textos (muestra colectiva). La imagen poética: ¿Por dónde empezar?. La imaginería lingüistica del habla cotidiana. De dónde proviene la imaginación lingüistica. ¿Qué no pensar entonces?. Un ejemplo de paciencia. Propuesta de trabajo. Imégenes poéticas (textos poemáticos). Muestra colectiva. Textos poemáticos.- El haikú: De la lectura de un haikú. Otra aclaración necesaria. De las pastillas semióticas adecuadas. La experiencia poética japonesa. De nuevo, ¿cómo leer un haikú?. Algunos haikúes. Apuntes para un análisis. Qué no decir?. Observación necesaria. La busqueda de los propios haikúes. La lúdica de los enunciados. Las incongruencias repentistas. De los libros. Breve muestra colectiva de haikú. Muestra de haikúes con diecisiete sílabas. De la búsqueda del haikú y el significado de la experiencia. | |
| 526 | _aP202 | ||
| 526 | _aP201 | ||
| 526 | _aP163 | ||
| 526 | _aP162 | ||
| 526 | _aP161 | ||
| 526 | _aP160 | ||
| 526 | _aP148 | ||
| 526 | _aP147 | ||
| 526 | _aP146 | ||
| 526 | _aP145 | ||
| 526 | _aP144 | ||
| 526 | _aP143 | ||
| 526 | _aP142 | ||
| 526 | _aP141 | ||
| 526 | _aP140 | ||
| 526 | _aP139 | ||
| 526 | _aP138 | ||
| 526 | _aP137 | ||
| 526 | _aP136 | ||
| 526 | _aP135 | ||
| 526 | _aP134 | ||
| 526 | _aP133 | ||
| 526 | _aP129 | ||
| 526 | _aP128 | ||
| 526 | _aP127 | ||
| 526 | _aP120 | ||
| 526 | _aP119 | ||
| 526 | _aP118 | ||
| 526 | _aP116 | ||
| 526 | _aP115 | ||
| 526 | _aP114 | ||
| 526 | _aP110 | ||
| 526 | _aP109 | ||
| 526 | _aP108 | ||
| 526 | _aP104 | ||
| 526 | _aP103 | ||
| 526 | _aP102 | ||
| 526 | _aP99 | ||
| 526 | _aP98 | ||
| 526 | _aP97 | ||
| 526 | _aP96 | ||
| 526 | _aP95 | ||
| 526 | _aP93 | ||
| 526 | _aP90 | ||
| 526 | _aP89 | ||
| 526 | _aP88 | ||
| 526 | _aP83 | ||
| 526 | _aP82 | ||
| 526 | _aP62 | ||
| 526 | _aP59 | ||
| 526 | _aP58 | ||
| 526 | _aP57 | ||
| 526 | _aP51 | ||
| 526 | _aP49 | ||
| 526 | _aP48 | ||
| 526 | _aP47 | ||
| 526 | _aP29 | ||
| 526 | _aP24 | ||
| 526 | _aP20 | ||
| 526 | _aP19 | ||
| 526 | _aP17 | ||
| 526 | _aP15 | ||
| 526 | _aP14 | ||
| 526 | _aP12 | ||
| 526 | _aP10 | ||
| 526 | _aP09 | ||
| 526 | _aP08 | ||
| 526 | _aP07 | ||
| 526 | _aP06 | ||
| 526 | _aP05 | ||
| 526 | _aP04 | ||
| 526 | _aP01 | ||
| 541 | _g004988; | ||
| 650 | 0 | 4 |
_aLectura _xEstudio y enseñanza. |
| 650 | 0 | 4 | _aPedagogía. |
| 942 |
_2ddc _cBOOK |
||
| 949 |
_a373.35 J24 _wDEWEY _c1 _i51844 _lCCODEBUL1 _mBUL _p22.00 _r0 _sY _tBOOK _u2015-6-24 _xEDUCACION _zUNKNOWN _0COMPRA _o.STAFF. Colección General |
||
| 994 |
_aC0 _bPEPRU |
||
| 596 | _a1 | ||
| 999 |
_a373.35 J24 _wDEWEY _c33604 _i51844 _f2021-11-8 _g5 _lCCODEBUL1 _mBUL _p22.00 _r0 _sN _tBOOK _u2015-6-24 _xEDUCACION _zUNKNOWN _0COMPRA _o.STAFF. Colección General _d33604 |
||
| 980 |
_81 _gALBERTO SANCHEZ Responsable de Automatización |
||